• 首页
  • 本馆介绍
  • 公告通知
  • 最新文献
  • 馆藏检索
  • 电子资源
  • 读者导购
  • 参考咨询
  • 我的图书馆
  • 登录
  • 详细信息显示
  • 放入我的书架
  • 预约/预借图书
  • 作者相关作品
  • 分类相关作品
  • 丛书相关作品
  • 出版社相关作品

书目信息

  • 表格格式
  • 工作单格式
  • 卡片格式
题名:
包装设计基础
    
 
作者: 魏洁 著
分册:  
出版信息: 上海   上海人民美术出版社  2006
页数: 143页
开本: 22×22cm
丛书名:
单 册:
中图分类: J524.2
科图分类:
主题词: 包装--设计--高等学校--教材 , 包装
电子资源:
ISBN: 7-5322-4880-1
000 00737nam0 2200241 450
001 003336194
005 20070820110301.45
010    @a7-5322-4880-1@dCNY38.00
100    @a20060104d2006 em y0chiy0110 ea
101 0  @achi
102    @aCN@b310000
105    @aa z 000yy
200 1  @a包装设计基础@9bao zhuang she ji ji chu@f魏洁著
210    @a上海@c上海人民美术出版社@d2006
215    @a143页@c图@d22×22cm
300    @a中国美术院校新设计系列教材
330    @a本书介绍了包装设计的历史沿革、包装设计的概念、现代包装设计的要素与形式美规律等内容。
606 0  @a包装@x设计@x高等学校@j教材
606 0  @a包装
690    @aJ524.2@v4
701  0 @a魏洁@9wei jie@c(女)@4著
801  0 @aCN@bNLC@c20070820
905    @a10447@dJ524.2@e288
    
    包装设计基础/魏洁著.-上海:上海人民美术出版社,2006
    143页:图;22×22cm
    中国美术院校新设计系列教材
    
    ISBN 7-5322-4880-1:CNY38.00
    本书介绍了包装设计的历史沿革、包装设计的概念、现代包装设计的要素与形式美规律等内容。
●
相关链接 在E读中查询图书 在五车中查询图书 在当当中查询图书 在豆瓣中查询图书


正题名:包装设计基础     索取号:J524.2/288         预约/预借

序号 登录号 条形码 馆藏地/架位号 状态 备注
1 0802427   208024270   第一样本阅览室/ [索取号:J524.2/288] 在馆    
2 0802428   208024289   第一借阅区/ [索取号:J524.2/288] 在馆    
3 0802429   208024298   第一借阅区/ [索取号:J524.2/288] 在馆    
4 0802430   208024305   第一借阅区/ [索取号:J524.2/288] 在馆    
5 0802431   208024314   第一借阅区/ [索取号:J524.2/288] 在馆    
6 0802432   208024323   第一借阅区/ [索取号:J524.2/288] 在馆    
7 0802433   208024332   第一借阅区/ [索取号:J524.2/288] 在馆    
8 0802434   208024341   美术系资料室/ [索取号:J524.2/288] 在馆    
9 0802435   208024350   美术系资料室/ [索取号:J524.2/288] 在馆    
10 0802436   208024369   美术系资料室/ [索取号:J524.2/288] 在馆    
唐山师范学院图书馆 欢迎您!
大连网信软件有限公司© 版权所有